[Event "Steyr op"]
[Site "Steyr"]
[Date "2012.08.31"]
[Round "5"]
[White "Blasl, Dietmar"]
[Black "Edenhauser, Manfred"]
[Result "1-0"]
[WhiteElo "2070"]
[BlackElo "1785"]
[PlyCount "95"]
[EventDate "2012.08.27"]
[EventType "swiss"]
[EventRounds "7"]
[EventCountry "AUT"]
[SourceTitle "CBM 150 Extra"]
[Source "ChessBase"]
[SourceDate "2012.10.19"]
[SourceVersion "1"]
[SourceVersionDate "2012.10.19"]
[SourceQuality "1"]

1. e4 c5 2. Nf3 d6 3. Bb5+ Bd7 4. a4 a6 5. Bxd7+ Nxd7 6. a5 Ngf6 7. Qe2 Qc7 8. 0-0 e6 9. c3 Be7 10. d4 0-0 11. Bf4 Qc6 12. Nbd2 Nh5 13. Be3 Nhf6 14. Qd3 d5 15. e5 Ne4 16. Rfc1 Nxd2 17. Bxd2 c4 18. Qc2 b5 19. axb6 Nxb6 20. Ra5 Rfb8 21. Rca1 Nd7 22. Bg5 Bf8 23. Bc1 Be7 24. h4 Bd8 25. R5a2 f5 26. exf6 Bxf6 27. Bg5 Rb6 28. Re1 Rab8 29. h5 Rf8 30. Re2 Rf7 31. Ra1 Nf8 32. Bc1 Nd7 33. g4 Be7 34. Kg2 Rb8 35. Bg5 Rxf3 36. Bxe7 Rf7 37. Bb4 Nf6 38. f3 Qd7 39. Re5 Rb6 40. Qe2 Ne8 41. Re1 Nc7 42. Ba5 Rc6 43. Bxc7 Qxc7 44. Rxe6 Rxe6 45. Qxe6 Qf4 46. Qxd5 Qd2+ 47. Kf1 Qd3+ 48. Kf2 1-0

[Event "Steyr op 1st"]
[Site "Steyr"]
[Date "2011.09.01"]
[Round "4"]
[White "Blasl, Dietmar"]
[Black "Leichtfried, Hans Martin"]
[Result "1/2-1/2"]
[WhiteElo "2106"]
[BlackElo "2060"]
[PlyCount "26"]
[EventDate "2011.08.29"]
[EventType "swiss"]
[EventRounds "7"]
[EventCountry "AUT"]
[SourceTitle "EXT 2012"]
[Source "ChessBase"]
[SourceDate "2011.11.24"]
[SourceVersion "1"]
[SourceVersionDate "2011.11.24"]
[SourceQuality "1"]

1. e4 c5 2. Nf3 e6 3. c3 d5 4. exd5 Qxd5 5. Bb5+ Bd7 6. Bxd7+ Nxd7 7. 0-0 Ngf6 8. Re1 Be7 9. d4 0-0 10. Qe2 cxd4 11. cxd4 Bb4 12. Nc3 Bxc3 13. bxc3 Rfc8 1/2-1/2

[Event "Steyr op 1st"]
[Site "Steyr"]
[Date "2011.08.31"]
[Round "3"]
[White "Stitz, Daniel"]
[Black "Blasl, Dietmar"]
[Result "1-0"]
[WhiteElo "1929"]
[BlackElo "2106"]
[PlyCount "73"]
[EventDate "2011.08.29"]
[EventType "swiss"]
[EventRounds "7"]
[EventCountry "AUT"]
[SourceTitle "EXT 2012"]
[Source "ChessBase"]
[SourceDate "2011.11.24"]
[SourceVersion "1"]
[SourceVersionDate "2011.11.24"]
[SourceQuality "1"]

1. e4 c5 2. c3 Nf6 3. e5 Nd5 4. d4 cxd4 5. Nf3 Nc6 6. cxd4 e6 7. Nc3 Nxc3 8. bxc3 Qc7 9. Bd2 d6 10. exd6 Bxd6 11. Bd3 Ne7 12. 0-0 Ng6 13. g3 0-0 14. Ng5 f6 15. Nxh7 f5 16. Nxf8 Nxf8 17. f4 Bd7 18. Qb3 Kh8 19. Rae1 a6 20. c4 b6 21. Rb1 Rb8 22. c5 Be7 23. cxb6 Qb7 24. Rfc1 Bf6 25. Be3 Qf3 26. Bxa6 Rxb6 27. Qxb6 Qxe3+ 28. Kg2 Qe4+ 29. Kh3 g5 30. fxg5 Qg4+ 31. Kg2 Qe4+ 32. Kf1 Qh1+ 33. Ke2 Qe4+ 34. Kd1 Ba4+ 35. Rb3 Bxg5 36. Qb4 Qd3+ 37. Bxd3 1-0

[Event "Schwarzach op 26th"]
[Site "Schwarzach"]
[Date "2011.08.24"]
[Round "5"]
[White "Legahn, Dirk"]
[Black "Blasl, Dietmar"]
[Result "0-1"]
[WhiteElo "2150"]
[BlackElo "2106"]
[PlyCount "86"]
[EventDate "2011.08.20"]
[EventType "swiss"]
[EventRounds "9"]
[EventCountry "AUT"]
[SourceTitle "CBM 144 Extra"]
[Source "ChessBase"]
[SourceDate "2011.10.28"]
[SourceVersion "1"]
[SourceVersionDate "2011.10.28"]
[SourceQuality "1"]

1. d4 Nf6 2. g3 d5 3. Bg2 c6 4. Nf3 Bf5 5. c4 e6 6. Nc3 h6 7. 0-0 Nbd7 8. Qb3 Qb6 9. c5 Qa6 10. Bf4 b6 11. cxb6 axb6 12. Ne5 Nxe5 13. dxe5 Nd7 14. e4 Nc5 15. Qc2 Bg6 16. b4 Nd7 17. Qb3 d4 18. b5 Qa5 19. Nb1 cxb5 20. Nd2 Bb4 21. Qc2 Bc3 22. Nb3 Qa4 23. Rad1 Nc5 24. Be3 dxe3 25. Qxc3 e2 26. Rd4 exf1Q+ 27. Bxf1 Qa3 28. Bxb5+ Kf8 29. f4 Kg8 30. g4 Nxb3 31. axb3 Qa1+ 32. Qxa1 Rxa1+ 33. Kf2 f6 34. exf6 gxf6 35. f5 Bf7 36. Bc4 exf5 37. Rd8+ Kg7 38. Rxh8 Kxh8 39. Bxf7 fxg4 40. Kg3 Kg7 41. Be6 h5 42. h3 gxh3 43. Kxh3 Kh6 0-1

[Event "Donau op 12th"]
[Site "Aschach"]
[Date "2003.12.26"]
[Round "1"]
[White "Blasl, Dietmar"]
[Black "Butunoi, Alexandru Victor"]
[Result "1/2-1/2"]
[WhiteElo "2119"]
[BlackElo "2380"]
[PlyCount "76"]
[EventDate "2003.12.26"]
[EventType "swiss"]
[EventRounds "7"]
[EventCountry "AUT"]
[SourceTitle "CBM 097 Extra"]
[Source "ChessBase"]
[SourceDate "2004.01.13"]
[SourceVersion "1"]
[SourceVersionDate "2004.01.13"]
[SourceQuality "1"]

1. e4 c5 2. Nf3 d6 3. Bb5+ Nc6 4. 0-0 Bd7 5. Re1 a6 6. Bf1 Bg4 7. c3 e5 8. h3 Bh5 9. a4 Nf6 10. d3 Be7 11. Nbd2 0-0 12. Nc4 h6 13. a5 Nh7 14. g4 Bg6 15. Qa4 h5 16. Nb6 Rb8 17. d4 exd4 18. cxd4 hxg4 19. hxg4 Ng5 20. Bxg5 Bxg5 21. dxc5 dxc5 22. Rad1 Nd4 23. Nxd4 cxd4 24. Qxd4 Qc7 25. Qd6 Qc2 26. Re2 Qb3 27. Qd5 Qxd5 28. Rxd5 Bf4 29. Nd7 Rbe8 30. f3 f6 31. Nxf8 Kxf8 32. Rc2 Ke7 33. Rd3 Bf7 34. g5 Rh8 35. Rdc3 Kd6 36. Rd3+ Ke7 37. Rdc3 Kd6 38. Rd3+ Ke7 1/2-1/2

[Event "AUT-chT2M 0102"]
[Site "Austria"]
[Date "2001.12.09"]
[Round "5.5"]
[White "Steiner, Guenter"]
[Black "Blasl, Dietmar"]
[Result "0-1"]
[WhiteElo "2230"]
[BlackElo "2067"]
[PlyCount "80"]
[EventDate "2001.11.02"]
[EventType "team"]
[EventRounds "11"]
[EventCountry "AUT"]
[SourceTitle "EXT 2003"]
[Source "ChessBase"]
[SourceDate "2002.11.25"]
[SourceVersion "1"]
[SourceVersionDate "2002.11.25"]
[SourceQuality "1"]

1. e4 c6 2. d4 d5 3. exd5 cxd5 4. Bd3 Nc6 5. c3 Nf6 6. Bf4 Bg4 7. Qb3 Qd7 8. Nd2 e6 9. Ngf3 a6 10. Ne5 Nxe5 11. dxe5 Ng8 12. c4 Ne7 13. 0-0 Nc6 14. h3 Bh5 15. cxd5 exd5 16. g4 Bg6 17. Nf3 Bxd3 18. Qxd3 Be7 19. Nd4 Nxd4 20. Qxd4 0-0 21. Rad1 Rad8 22. Rd3 Qe6 23. Kh2 Rd7 24. Bg3 Rc8 25. Rc3 Rc4 26. Qd3 b5 27. Rfc1 Bb4 28. R3c2 Rdc7 29. b3 Rxc2 30. Rxc2 Rxc2 31. Qxc2 Qd7 32. Bf4 d4 33. Bd2 d3 34. Qc1 Bxd2 35. Qxd2 Qd4 36. Kg1 h6 37. Kf1 Qe4 38. f4 Qf3+ 39. Ke1 Qxh3 40. Qf2 Qxg4 0-1

[Event "Curacao op"]
[Site "Willemstad"]
[Date "2001.08.02"]
[Round "8"]
[White "Blasl, Dietmar"]
[Black "Motoewi, Roger"]
[Result "0-1"]
[WhiteElo "2029"]
[BlackElo "2176"]
[PlyCount "80"]
[EventDate "2001.07.??"]
[EventType "swiss"]
[EventRounds "9"]
[EventCountry "AHO"]
[SourceTitle "EXT 2002"]
[Source "ChessBase"]
[SourceDate "2001.11.25"]
[SourceVersion "1"]
[SourceVersionDate "2001.11.25"]
[SourceQuality "1"]

1. e4 c5 2. Nf3 Nc6 3. Bb5 d6 4. 0-0 Nf6 5. Re1 Bd7 6. c3 e6 7. d4 cxd4 8. cxd4 a6 9. Bf1 e5 10. d5 Na7 11. a4 Be7 12. Qb3 Qb8 13. h3 b5 14. a5 0-0 15. Bd2 Qb7 16. Bb4 Rae8 17. Nbd2 Nh5 18. Qd3 Nc8 19. Rac1 f5 20. Qb3 Kh8 21. exf5 Nf4 22. g3 Nxd5 23. Bg2 Nxb4 24. Qxb4 d5 25. Qc3 e4 26. Nd4 Bf6 27. N2b3 Nd6 28. Qc7 Qxc7 29. Rxc7 Nxf5 30. Ne2 Bc8 31. g4 Nh4 32. Nbd4 Be5 33. Rcc1 Nf3+ 34. Nxf3 exf3 35. Bxf3 Rxf3 36. Nd4 Rff8 37. Nc6 Bxb2 38. Rxe8 Rxe8 39. Rc2 Bf6 40. f4 g6 0-1

[Event "Curacao op"]
[Site "Willemstad"]
[Date "2001.08.01"]
[Round "7"]
[White "Meijer, Gert Jan"]
[Black "Blasl, Dietmar"]
[Result "0-1"]
[WhiteElo "1800"]
[BlackElo "1900"]
[PlyCount "78"]
[EventDate "2001.07.??"]
[EventType "swiss"]
[EventRounds "9"]
[EventCountry "AHO"]
[SourceTitle "EXT 2002"]
[Source "ChessBase"]
[SourceDate "2001.11.25"]
[SourceVersion "1"]
[SourceVersionDate "2001.11.25"]
[SourceQuality "1"]

1. e4 c6 2. d4 d5 3. Nc3 dxe4 4. Nxe4 Bf5 5. Ng3 Bg6 6. Nf3 Nd7 7. h4 h6 8. h5 Bh7 9. Bd3 Bxd3 10. Qxd3 Ngf6 11. Be3 e6 12. 0-0-0 Qc7 13. Ne2 0-0-0 14. Qc3 Nd5 15. Qb3 c5 16. Nc3 c4 17. Nxd5 exd5 18. Qb5 Nb8 19. Bd2 a6 20. Qa5 b6 21. Qc3 Nc6 22. Ne5 Nxe5 23. dxe5 d4 24. Qf3 Qc6 25. Rhe1 Qa4 26. Kb1 c3 27. Qg4+ Qd7 28. Qxd7+ Rxd7 29. bxc3 dxc3 30. Bxc3 Bc5 31. f4 Rhd8 32. Rxd7 Rxd7 33. f5 Kd8 34. g4 Bd4 35. Kb2 Rd5 36. Re4 Rb5+ 37. Kc1 Bxc3 38. e6 Re5 39. exf7 Ke7 0-1

[Event "Curacao op"]
[Site "Willemstad"]
[Date "2001.07.27"]
[Round "3"]
[White "Bet, Sjaak JM"]
[Black "Blasl, Dietmar"]
[Result "0-1"]
[WhiteElo "2063"]
[BlackElo "2029"]
[PlyCount "46"]
[EventDate "2001.07.??"]
[EventType "swiss"]
[EventRounds "9"]
[EventCountry "AHO"]
[SourceTitle "EXT 2002"]
[Source "ChessBase"]
[SourceDate "2001.11.25"]
[SourceVersion "1"]
[SourceVersionDate "2001.11.25"]
[SourceQuality "1"]

1. e4 e6 2. d4 d5 3. e5 c5 4. c3 Qb6 5. f4 Nc6 6. Nf3 cxd4 7. cxd4 Nh6 8. Bd3 Bd7 9. Nc3 Nxd4 10. Nxd4 Qxd4 11. Qe2 Bb4 12. Bd2 Rc8 13. Rf1 0-0 14. Rf3 Bxc3 15. Bxc3 Rxc3 16. Bxh7+ Kxh7 17. bxc3 Qg1+ 18. Rf1 Qc5 19. Qc2+ Kg8 20. Kd2 Bb5 21. Rf3 d4 22. Rc1 Nf5 23. c4 Bc6 0-1

[Event "AUT-chT2M 0001"]
[Site "Austria"]
[Date "2001.??.??"]
[Round "8"]
[White "Blasl, Dietmar"]
[Black "Spiesberger, Gerhard"]
[Result "1/2-1/2"]
[WhiteElo "2070"]
[BlackElo "2040"]
[PlyCount "75"]
[EventDate "2000.??.??"]
[EventType "team"]
[EventRounds "9"]
[EventCountry "AUT"]
[SourceTitle "EXT 2003"]
[Source "ChessBase"]
[SourceDate "2002.11.25"]
[SourceVersion "1"]
[SourceVersionDate "2002.11.25"]
[SourceQuality "1"]

1. e4 e5 2. Bc4 Nc6 3. Nf3 Be7 4. 0-0 Nf6 5. d3 0-0 6. Re1 d6 7. c3 Be6 8. Nbd2 Qd7 9. b4 Bxc4 10. Nxc4 b5 11. Ne3 d5 12. Nf5 dxe4 13. Nxe7+ Qxe7 14. dxe4 Rfd8 15. Qe2 a6 16. Bg5 h6 17. Bxf6 Qxf6 18. a4 Rab8 19. axb5 axb5 20. Red1 Qe6 21. Rxd8+ Nxd8 22. Qa2 Qd6 23. Qd5 Qxd5 24. exd5 f6 25. Ra7 Nb7 26. Nh4 Kf8 27. Kf1 Ke7 28. Nf5+ Kd7 29. Nxg7 Kd6 30. Ra6+ Kxd5 31. Rxf6 Nd6 32. Rxh6 Kc4 33. Ne6 Kxc3 34. Nxc7 Nc4 35. g4 Rf8 36. Nxb5+ Kxb4 37. Nd6 Nd2+ 38. Ke2 1/2-1/2

[Event "AUT-chT2M 9900"]
[Site "Austria"]
[Date "2000.03.19"]
[Round "11.5"]
[White "Brestan, Peter"]
[Black "Blasl, Dietmar"]
[Result "1/2-1/2"]
[WhiteElo "2021"]
[BlackElo "2132"]
[PlyCount "121"]
[EventDate "1999.??.??"]
[EventType "team"]
[EventRounds "11"]
[EventCountry "AUT"]
[SourceTitle "EXT 2004"]
[Source "ChessBase"]
[SourceDate "2003.11.25"]
[SourceVersion "1"]
[SourceVersionDate "2003.11.25"]
[SourceQuality "1"]

1. d4 Nf6 2. c4 e6 3. Nf3 d5 4. Nc3 c6 5. Bg5 Nbd7 6. e3 Be7 7. cxd5 exd5 8. Qc2 0-0 9. Bd3 Re8 10. 0-0 Nf8 11. Rab1 Nh5 12. Bxe7 Qxe7 13. b4 Be6 14. b5 c5 15. dxc5 Qxc5 16. Rfc1 Qe7 17. Ne2 Nf6 18. Ned4 Rec8 19. Qa4 Qd8 20. Nb3 Qb6 21. Qd4 N8d7 22. a4 Qxd4 23. Nfxd4 Ne5 24. Bf1 Ne4 25. Rxc8+ Rxc8 26. Rc1 Rxc1 27. Nxc1 Kf8 28. Ncb3 b6 29. a5 Ke7 30. f3 Nd6 31. a6 Kd7 32. f4 Nec4 33. Nc6 Nxb5 34. Nbd4 Nxd4 35. Nxd4 g6 36. Nb5 Nxe3 37. Nxa7 Nxf1 38. Nb5 Kc8 39. Kxf1 Kb8 40. Ke2 Bd7 41. Nd6 f6 42. Kd3 Ka7 43. Kd4 Bc6 44. Nc8+ Kxa6 45. Ne7 Kb7 46. Ng8 f5 47. Nf6 Kc7 48. Nxh7 Kd6 49. Ng5 Be8 50. Nf3 b5 51. Ne5 b4 52. g3 b3 53. Kc3 b2 54. Kxb2 d4 55. Kc2 Kd5 56. Kd3 Bb5+ 57. Kd2 g5 58. Ng6 g4 59. Nf8 Ke4 60. Ne6 d3 61. Ng5+ 1/2-1/2